000
00280 a2200133 4500
001
194892
040
_c
Magnum
100
_a
BAPTISTE, Jean
240
1
0
_a
O Pinheiro de Natal
_l
por
245
1
0
_a
O Pinheiro de Natal
300
_a
6
697
_a
LITERATURA INFANTIL
942
_c
BK
999
_c
194892
_d
194892